Ukraine in the Eurovision Song Contest - Statistics

General Stats
  • This quiz has been taken 32 times
    14 since last reset
  • The average score is 16 of 20
Answer Stats
Answer % Correct
1944
100%
Wild Dances
100%
Heart of Steel
92%
Stefania (Стефанія)
92%
Tick-Tock
92%
Bird of Pray
85%
Dancing Lasha Tumbai
85%
Gravity
85%
Shady Lady
85%
Shum (Шум)
85%
Time
85%
Under The Ladder
85%
Angel
77%
Be My Guest
77%
Teresa & Maria
77%
Be My Valentine! (Anti-Crisis Girl)
69%
Sweet People
69%
Hasta la vista
62%
Show Me Your Love
62%
Razom nas bahato (Разом нас багато)
54%
No matching quizzes found
Score Distribution
Percent of People with Each Score
Percentile by Number Answered
Your Score History
You have not taken this quiz since the last reset